000 00576nam a2200193 i 4500
001 58655
003 ES-MaACL
005 20230906163845.0
007 t|
008 031023s1983 sp ||||1| spa d
100 0 _aEbersole, Alva V.
_946472
245 1 4 _aLos sainetes de Ramón de la Cruz
_b: nuevo examen /
_cAlva V. Ebersole.
260 _a[Valencia] :
_bAlbatros,
_c[1983]
300 _a130 p. ;
_c24 cm.
490 1 _aAlbatros Hispanofila ;
_v26
830 0 _aAlbatros Hispanofila ;
_v26
_9182649
852 _aES-MaACL
_jL-4418
_bR.105285
999 _c58655
_d58655